[Event "VIE-ch U09"]
[Site "Ho Chi Minh City"]
[Date "2014.07.17"]
[Round "8"]
[White "Vo, Thien An"]
[Black "Nguyen, Dinh Bao Khanh"]
[Result "1-0"]
[WhiteElo "1538"]
[BlackElo "1501"]
[PlyCount "85"]
[EventDate "2014.07.13"]
[EventType "swiss"]
[EventRounds "9"]
[EventCountry "VIE"]
[SourceTitle "EXT 2016"]
[Source "ChessBase"]
[SourceDate "2015.10.08"]
[SourceVersion "1"]
[SourceVersionDate "2015.10.08"]
[SourceQuality "1"]

1. e4 e5 2. Nf3 Nc6 3. d4 exd4 4. Bc4 Nge7 5. 0-0 d5 6. exd5 Nxd5 7. Re1+ Be6 8. Ng5 Qd6 9. Nxe6 fxe6 10. Qh5+ Kd8 11. Bg5+ Be7 12. a3 Kc8 13. Bxe7 Ncxe7 14. Qe5 Qxe5 15. Rxe5 Kd7 16. Nd2 Kd6 17. Rae1 Rhf8 18. Rxe6+ Kd7 19. Bb5+ c6 20. Bd3 h6 21. c4 dxc3 22. bxc3 b5 23. c4 bxc4 24. Nxc4 Rab8 25. R6e4 Rbe8 26. Ne5+ Kd8 27. Rd4 Kc7 28. Rc1 Rf4 29. Rxf4 Nxf4 30. Bb5 Rd8 31. Nxc6 Nxc6 32. Rxc6+ Kb7 33. Rc1 a6 34. Bf1 Nd3 35. Rd1 Kb6 36. Rxd3 Rxd3 37. Bxd3 a5 38. a4 Kc5 39. f4 Kd4 40. Bb5 Ke4 41. g3 Kf3 42. Kf1 Ke3 43. Kg2 1-0

[Event "VIE-ch U09"]
[Site "Ho Chi Minh City"]
[Date "2014.07.15"]
[Round "5"]
[White "Nguyen, Dinh Bao Khanh"]
[Black "Tran, Quoc Phu"]
[Result "0-1"]
[WhiteElo "1501"]
[BlackElo "1470"]
[PlyCount "46"]
[EventDate "2014.07.13"]
[EventType "swiss"]
[EventRounds "9"]
[EventCountry "VIE"]
[SourceTitle "EXT 2016"]
[Source "ChessBase"]
[SourceDate "2015.10.08"]
[SourceVersion "1"]
[SourceVersionDate "2015.10.08"]
[SourceQuality "1"]

1. e4 c5 2. Nf3 d6 3. Nc3 Nc6 4. d4 cxd4 5. Nxd4 Nf6 6. Bb5 Bd7 7. 0-0 e6 8. Nxc6 Bxc6 9. Bxc6+ bxc6 10. Re1 Be7 11. Bg5 0-0 12. Re3 d5 13. exd5 cxd5 14. Rg3 Bd6 15. Rg4 Be7 16. Rg3 Nd7 17. Bh6 Bf6 18. Qg4 Ne5 19. Qb4 Ng6 20. Be3 Qb8 21. Bc5 Qxb4 22. Bxb4 Rfb8 23. Ba3 Ne5 0-1